00812nam a2200229 i 4500001000300000100001600003245003800019250002000057260006500077300002800142504001400170521013000184650002300314655003000337015001800367020001500385040000800400041000800408080002700416008004100443856009800484bg1 aEDEL, Roman10aOdwodnienie dróg /cRoman Edel. aWyd. 2 uaktual. aWarszawa :bWydawnictwa Komunikacji i Łączności,c2002. a320 s. :bil. ;c24 cm. aBibliogr. aDla studentów i inż. budownictwa o specjalności budowa dróg i lotnisk, inżynieria sanitarna i ochrona środowiska. 9aDrogixodwadnianie aPodręczniki akademickie aPB 14770/2002 a8320614538 cBPK0 apol a625.7/.8:626.8](075.8) s pl f |000 0 pol  uhttp://koha.tu.koszalin.pl/cgi-bin/koha/opac-detail.pl?biblionumber=51485yKatalog online BPK